Cursus Scripture Sacrae: seminariorum usui accommodatus
Zapisane w:
| 1. autor: | |
|---|---|
| Format: | Książka |
| Język: | łaciński |
| Wydane: |
París
Societate Generali Librariae Catholicae
1870
|
| Wydanie: | 3a. ed |
| Hasła przedmiotowe: | |
| Etykiety: |
Dodaj etykietę
Nie ma etykietki, Dołącz pierwszą etykiete!
|
MARC
| LEADER | 00000cam a2200000 a 4500 | ||
|---|---|---|---|
| 001 | UCD3524 | ||
| 003 | CL-VaPUC | ||
| 008 | 160609e18700000fr |||||||||||||||||lat|d | ||
| 082 | 0 | 4 | |a 220.64 |b SCH |2 21 |
| 100 | 0 | |a Schouppe, Francisci Xavierii |e author |9 587036 | |
| 245 | 1 | 0 | |a Cursus Scripture Sacrae: seminariorum usui accommodatus |
| 250 | |a 3a. ed | ||
| 300 | |a t | ||
| 942 | |c BK | ||
| 945 | |d 20160609 22:21:00 |a dcastane | ||
| 260 | |a París |b Societate Generali Librariae Catholicae |c 1870 | ||
| 650 | 0 | |a Sagradas escrituras |9 349657 | |
| 583 | |a last modification |c 20160609 22:21:00 |k Rodrigo Vera | ||
| 999 | |c 364560 |d 364558 | ||
| 952 | |0 0 |1 0 |3 erd |4 0 |6 220_640000000000000_SCH_1870 |7 0 |8 X |9 477922 |a BIBTEO |b BIBTEO |c TEO_FFR |h t.1 |i 5237173 |o 220.64 SCH 1870 |p 5237173 |r 2024-01-18 |w 2019-11-24 |y BK_X |z Catalogado en:20160609 |k OFM | ||
| 952 | |0 0 |1 0 |3 erd |4 0 |6 220_640000000000000_SCH_1870 |7 0 |8 X |9 477923 |a BIBTEO |b BIBTEO |c TEO_FFR |h v.2 |i 5237181 |o 220.64 SCH 1870 |p 5237181 |r 2024-01-18 |w 2019-11-24 |y BK_X |z Catalogado en:20160609 |k OFM | ||